Statistics for Titan Quest Areas

Click here to take the quiz!

General Stats

  • This quiz has been taken 22 times
  • The average score is 21 of 39

Answer Stats

Region and #Area Name% Correct
Greece 3Megara
100%
Greece 2Sparta
100%
Greece 6Athens
92%
Greece 1Helos
85%
Egypt 6Thebes
85%
Greece 4Delphi
77%
Special/Hades 0Olympus
77%
Greece 7Knossos
69%
Greece 5Parnassus
69%
Hades 1Rhodes
69%
Egypt 7Valley of the Kings
69%
Orient 6Chang An
62%
Egypt 4Giza
62%
Orient 5Great Wall
62%
Orient 1Hanging Gardens
62%
Egypt 3Memphis
62%
Orient 4Eastern Silk Road
54%
Hades 7Elysium
54%
Egypt 5Fayum
54%
Orient 7Jade Palace
54%
Egypt 2Lower Nile
54%
Hades 4Styx
54%
Orient 3Western Silk Road
54%
The North 6Asgard
46%
Hades 8Hades Palace
46%
Egypt 1Rhakotis
46%
The North 1Corinth
38%
Hades 3Epirus
38%
Hades 2Medea's Grove
38%
Hades 6Tower of Judgement
38%
Orient 8Wusao Mountain
38%
Orient 2Babylon Outskirts
31%
The North 3Glauberg
31%
The North 7Jotunheim
31%
The North 4Scandia
31%
The North 5Dark Lands
23%
The North 2Heuneberg
23%
The North 8Muspelheim
23%
Hades 5Plains of Judgement
15%

Score Distribution

Percentile by Number Answered

Percent of People with Each Score

Your Score History

You have not taken this quiz